Professions by Latin Name Quiz Stats

 Plays Quiz Updated Apr 28, 2016

Challenge
Share
Tweet
Embed
Score 0/20 Timer 07:00
1 Play Today
% Correct
Chemist
95.2%
Psychologist
95.1%
Farmer
92.4%
Accountant and Bookkeeper
87.2%
Sailor
87.2%
Librarian
84.1%
Lawyer
82.8%
Governor and Pilot
81.6%
Singer and Musician
75%
Engineer
74.6%
% Correct
Cook
73.6%
Butcher and Executioner
71.3%
Artist and Actor
64.8%
Priest
51.7%
Fireman and Guard
47.3%
Soldier
46.4%
Surgeon
46.4%
Barber
46%
Author and Historian
45.7%
Captain and Teacher
45.1%

You're not logged in!

Compare scores with friends on all Sporcle quizzes.
Join for Free
OR
Log In

You Might Also Like...

Show Comments

Extras

Top Quizzes Today


Score Distribution

Your Account Isn't Verified!

In order to create a playlist on Sporcle, you need to verify the email address you used during registration. Go to your Sporcle Settings to finish the process.

Report this User

Report this user for behavior that violates our Community Guidelines.

Details: